000
00329nam a22001457a 4500
008
210303b ||||| |||| 00| 0 eng d
020
_a
9780123859020
041
_a
eng
080
_a
616.8
082
_a
616.8
100
_a
7
101
_a
NEU
245
_a
International Review of Neurobiology
_c
Borsini. F
942
_2
udc
_c
BK
999
_c
55691
_d
55691